000 00634nam a2200229Ia 4500
005 20260320201910.0
008 008 262003s9999 xx 000 0 eng d
037 _aEBOOK
040 _aCRL
040 _beng
040 _cCRL
041 _2eng
041 _aeng
084 _qCRL
100 _aKumar
245 0 _aManaging Risks in Digital Transformation: Navigate the modern landscape of digital threats with the help of real-world examples and use cases
260 _bIEEE
856 _uhttps://ieeexplore.ieee.org/servlet/opac?bknumber=10251135
942 _cEBOOK
999 _c1724165
_d1724165